000 01137pam a2200325 i 4500
001 015490064
003 EG-ScBUE
005 20251201095212.0
008 100209s2010 enkac f 001 0aeng d
020 _a9781848871755 (pbk.)
040 _aStDuBDS
_beng
_erda
_cStDuBDS
_dUk
_dEG-ScBUE
082 0 4 _a305.552092
_222
_bHIT
100 1 _aHitchens, Christopher,
_eauthor.
245 1 0 _aHitch-22 :
_ba memoir /
_cChristopher Hitchens.
264 1 _aLondon :
_bAtlantic Books,
_c2010.
300 _a435 pages :
_billustrations, portraits ;
_c24 cm
336 _atext
_2rdacontent
_btxt
337 _aunmediated
_2rdamedia
_bn
338 _avolume
_2rdacarrier
_bnc
500 _aIncludes index.
600 1 0 _aHitchens, Christopher.
_2BUEsh
650 7 _aIntellectuals
_zUnited States
_vBiography.
_2BUEsh
650 7 _aJournalists
_zUnited States
_vBiography.
_2BUEsh
650 7 _aPolitical activists
_zUnited States
_vBiography.
_2BUEsh
650 7 _aAuthors, American
_vBiography.
_2BUEsh
650 7 _aBritish Americans
_vBiography.
_2BUEsh
655 _vReading book
942 _2ddc
_cBB
999 _c31034
_d31005